zpět

Detail výsledku týmu

U Starýho Kozla, Příbram

Datum a čas kvízu

33.5 Celkem bodů Celkový počet nahraných bodů na tomto kvízu bez doplňovacích otázek.
1. Pořadí na kvízu Konečné umístění týmu na tomto kvízu.

Zaznamenané odpovědi

# Otázka Odpověď Body Výsledky
1. Minulý týden se publicista a ř... kvůli alkoholu 1
2. Oblíbená turistická atrakce, 6... v Krakově 1
3. Ministerstvo kultury učinilo d... C) česká pivní kultura 1
4. Jak se nazývá zvířecí znamení... had 0
5. O víkendu proběhly v Ostravě k... (Jižní) Korea, Tomáš Berdych 1
6. Začneme největšími společnými... Poupata 1
7. Tento taneční fitness program... zumba 1
8. Cvičení na tomto „půlmíči“ je... BOSU 0
9. Bikram jóga je speciální druh... C) cvičí se v sále vyhřátém na 42 °C 0
10. Tato žena se narodila v roce 1... Jane Fonda 1